Statistics for Simpsons Characters By Picture 2

Click here to take the quiz!

General Stats

  • This quiz has been taken 27 times
    (5 since last reset)
  • The average score is 12 of 16

Answer Stats

Answer% Correct
Groundskeeper Willie
100%
Lenny Leonard
100%
Maggie Simpson
100%
Moe Szylak
100%
Patty Bouvier
100%
Selma Bouvier
100%
Waylon Smithers
100%
Carl Carlson
75%
Fat Tony
75%
Jimbo Jones
75%
Lisa Simpson
75%
Martin Prince
50%
Maude Flanders
50%
Superintendent Chalmers
50%
Reverend Lovejoy
25%
Lionel Hutz
0%

Score Distribution

Percentile by Number Answered

Percent of People with Each Score

Your Score History

You have not taken this quiz since the last reset